|
|
|
|
| LEADER |
00000nam a2200000 a 4500 |
| 001 |
vtls001426415 |
| 003 |
SK-MaSNL |
| 005 |
20260302001802.0 |
| 008 |
251029s2001 xo a r ger |
| 015 |
|
|
|a SNBA2002/04-01555
|
| 020 |
|
|
|a 8080600694
|
| 035 |
|
|
|a SNK000381352
|
| 035 |
|
|
|a urn:nbn:sk:snk-amk1y2
|
| 035 |
|
|
|a urn:nbn:sk:snk-am0086e1
|
| 035 |
|
|
|a 647001D4-B2BB-437A-982B-77631D8EEEE6
|
| 040 |
|
|
|a SNK
|b slo
|c SNK
|e AACR2
|
| 041 |
0 |
|
|a ger
|
| 044 |
|
|
|a xo
|c SK
|
| 080 |
|
|
|a 943.767.1=30
|2 1981
|
| 080 |
|
|
|a 908.437.671=30
|2 1981
|
| 080 |
|
|
|a 323.15(=30)(437.671)=30
|2 1981
|
| 100 |
1 |
|
|a Rencz, Susanne
|4 aut
|9 638228
|
| 245 |
1 |
0 |
|a Untermetzenseifen in Bildern
|b das Städtchen, Landschaft und Leute
|c Susanne Rencz
|
| 260 |
|
|
|a [Bratislava
|b Slovenské národné múzeum - Múzeum kultúry karpatských Nemcov]
|c c2001
|
| 300 |
|
|
|a 165 s.
|b fotogr.
|c 24 cm
|
| 490 |
1 |
|
|a Acta Carpatho-germanica
|v 9
|
| 650 |
0 |
7 |
|a Nemci karpatskí
|z Medzev (Slovensko)
|x dejiny
|x život
|2 SNK
|9 638229
|
| 655 |
|
7 |
|a príručky
|2 SNK
|9 74364
|
| 830 |
|
0 |
|a Acta Carpatho-germanica
|9 292398
|
| 919 |
|
|
|a 80-8060-069-4
|
| 958 |
|
|
|a TL
|
| 999 |
|
|
|c 985285
|d 987215
|
| 952 |
|
|
|t P60, <03>, [BOOK], {603}
|a SNK
|b SNK
|y PREZ
|7 0
|p 17A0328231
|o snkSC 106994
|i snkKSP 460/2002
|0 0
|1 0
|4 0
|d 2002-01-16
|f 1
|l 0
|r 2025-09-26 00:00:00
|w 2026-02-24
|
| 952 |
|
|
|t P60, <04>, [BOOK], {604}
|a SNK
|b SNK
|y VYP
|7 0
|p 17A0328232
|o snkSC 106994 D1
|i snkKSP 461/2002
|0 0
|1 0
|4 0
|d 2002-01-16
|l 0
|r 2005-01-02 00:00:00
|w 2026-02-24
|